[Event "45th Rilton Cup 2015-16"]
[Site "Stockholm SWE"]
[Date "2016.01.03"]
[Round "7.43"]
[White "Adler, Bo"]
[Black "Bit-Narva, David"]
[Result "1/2-1/2"]
[WhiteElo "2174"]
[BlackElo "2096"]
[WhiteFideId "1702149"]
[BlackFideId "24128856"]
[EventDate "2015.12.27"]

1. b3 e5 2. Bb2 d6 3. e3 Nf6 4. Ne2 Be7 5. d4 exd4 6. Nxd4 O-O 7. Bd3 Re8 8. Qf3
Nbd7 9. Nf5 Ne5 10. Qe2 Nxd3+ 11. Qxd3 Bxf5 12. Qxf5 Qd7 13. Qxd7 Nxd7 14. Nc3
Bf6 15. O-O-O Nc5 16. Nd5 Bxb2+ 17. Kxb2 Rac8 18. c4 f5 19. h4 Kf7 20. f3 c6 21.
Nf4 Rxe3 22. Rxd6 a5 23. Rhd1 Rce8 24. R1d2 Re1 25. Nd3 Nxd3+ 26. R6xd3 R8e2 27.
Ka3 Rxd2 28. Rxd2 Ke7 29. Ka4 b6 30. c5 bxc5 31. Kxa5 Rc1 32. Kb6 c4 33. b4 c3
34. Rd4 Ra1 35. Rc4 Rxa2 36. Kxc6 c2 37. b5 Kd8 38. b6 Kc8 39. Rc3 g6 40. Rc5
Kb8 41. g4 fxg4 42. fxg4 Ra4 43. g5 Rxh4 44. Rxc2 Rh1 45. Rc5 Rb1 46. Re5 Rc1+
47. Rc5 Rb1 48. Rb5 Rc1+ 49. Rc5 Rb1 50. Rc4 Rh1 51. b7 Rb1 52. Rd4 Rc1+ 53. Kb6
Rb1+ 54. Kc6 Rc1+ 55. Kd7 Kxb7 56. Rb4+ Ka6 57. Ke6 Rh1 58. Kf6 h6 1/2-1/2

[Event "45th Rilton Cup 2015-16"]
[Site "Stockholm SWE"]
[Date "2016.01.03"]
[Round "7.44"]
[White "Martinsen, Stig K"]
[Black "Nilsson, Joakim 2000"]
[Result "1-0"]
[WhiteElo "2162"]
[BlackElo "2091"]
[WhiteFideId "1502824"]
[BlackFideId "1723383"]
[EventDate "2015.12.27"]

1. d4 Nf6 2. Nf3 e6 3. e3 d5 4. Bd3 c5 5. b3 Nc6 6. Bb2 Bd6 7. O-O O-O 8. Nbd2
cxd4 9. exd4 Qc7 10. c4 b6 11. Re1 Ba6 12. Bf1 Rfd8 13. c5 bxc5 14. Bxa6 Qb6 15.
Qe2 Nxd4 16. Nxd4 cxd4 17. Nf3 e5 18. Qb5 Qxb5 19. Bxb5 Rab8 20. Bc6 Rb6 21.
Rac1 e4 22. Nxd4 Be5 23. Ba4 Nh5 24. g3 Rg6 25. Rc6 Rg5 26. Kf1 Nf6 27. Rc2 Ng4
28. Kg2 Nh6 29. Nc6 Bxb2 30. Nxd8 Nf5 31. Rc8 1-0

[Event "45th Rilton Cup 2015-16"]
[Site "Stockholm SWE"]
[Date "2016.01.03"]
[Round "7.45"]
[White "Darnell, Anton"]
[Black "Thompson, Ian D"]
[Result "0-1"]
[BlackTitle "FM"]
[WhiteElo "1979"]
[BlackElo "2187"]
[WhiteFideId "1720244"]
[BlackFideId "405205"]
[EventDate "2015.12.27"]

1. d4 Nf6 2. c4 g6 3. Nc3 d5 4. Nf3 Bg7 5. Bg5 Ne4 6. cxd5 Nxg5 7. Nxg5 e6 8.
Nf3 exd5 9. e3 O-O 10. b4 c6 11. Rc1 Be6 12. Be2 Nd7 13. O-O a6 14. Qb3 b5 15.
Qb2 Nb6 16. Ne5 Qd6 17. Nd3 Nc4 18. Qa1 a5 19. bxa5 Rxa5 20. Nc5 Rb8 21. Bxc4
dxc4 22. N3e4 Qe7 23. Qb2 Bd5 24. Nc3 b4 25. N3a4 Rxc5 26. Nxc5 Qxc5 27. dxc5
Bxb2 28. Rc2 c3 29. Rxb2 cxb2 30. Rb1 Bxa2 31. Rxb2 b3 32. Kf1 Rb5 33. Ke2 Rxc5
34. Kd2 f5 35. g3 Kf7 0-1

[Event "45th Rilton Cup 2015-16"]
[Site "Stockholm SWE"]
[Date "2016.01.04"]
[Round "8.3"]
[White "Meskovs, Nikita"]
[Black "Alekseev, Evgeny"]
[Result "1/2-1/2"]
[WhiteTitle "IM"]
[BlackTitle "GM"]
[WhiteElo "2511"]
[BlackElo "2642"]
[WhiteFideId "11602740"]
[BlackFideId "4138147"]
[EventDate "2015.12.27"]

1. d4 Nf6 2. c4 e6 3. Nc3 Bb4 4. e3 O-O 5. Ne2 d5 6. a3 Bd6 7. cxd5 exd5 8. g3
Re8 9. Bg2 c6 10. Qc2 g6 11. f3 c5 12. Nb5 Bf5 13. Qd2 Bf8 14. dxc5 Bxc5 15.
Nbd4 Nc6 16. O-O Rc8 17. Kh1 Bd7 18. b4 Bf8 19. Nxc6 bxc6 20. Bb2 a5 21. Nf4 Bg7
22. Bd4 Bf5 23. g4 Be6 24. Qc3 Rf8 25. Nd3 Ne8 26. bxa5 Bxd4 27. exd4 Nd6 28.
Nc5 Nc4 29. a6 Ra8 30. Rfe1 Bc8 31. Bf1 Bxa6 32. Nxa6 Rxa6 33. Bxc4 dxc4 34.
Qxc4 Ra7 35. Qxc6 Qxd4 36. a4 Ra5 37. Ra2 Kg7 38. Kg2 Kg8 39. Re4 Qd8 40. Rb2 h5
41. gxh5 Rxh5 42. Rg4 Kh7 43. Re2 Rh8 44. h3 Rf8 45. Qc4 Kg7 46. Qc3+ Kh7 47.
Qd4 Qxd4 48. Rxd4 Kg7 49. Re7 Rf5 50. Kg3 Ra8 51. Rb7 Rg5+ 52. Kf2 Rf5 53. Re4
Ra6 54. Rb5 Rxa4 55. Rxf5 Ra2+ 56. Re2 Rxe2+ 57. Kxe2 gxf5 58. Ke3 Kg6 59. Kf4
f6 60. h4 Kh5 61. Kxf5 Kxh4 62. f4 Kg3 63. Kxf6 Kxf4 1/2-1/2

[Event "45th Rilton Cup 2015-16"]
[Site "Stockholm SWE"]
[Date "2016.01.04"]
[Round "8.4"]
[White "Zumsande, Martin"]
[Black "Krasenkow, Michal"]
[Result "1-0"]
[WhiteTitle "IM"]
[BlackTitle "GM"]
[WhiteElo "2442"]
[BlackElo "2610"]
[WhiteFideId "4651324"]
[BlackFideId "1113100"]
[EventDate "2015.12.27"]

1. e4 g6 2. d4 Bg7 3. Nc3 c6 4. f4 d5 5. e5 Nh6 6. Nf3 f6 7. Be3 Bg4 8. Be2 O-O
9. Qd2 Nd7 10. O-O-O Nf5 11. Kb1 Bh6 12. Ng5 Bxe2 13. Ne6 Qc8 14. Qxe2 Rf7 15.
Bc1 fxe5 16. fxe5 Nf8 17. Nxf8 Qxf8 18. g4 Nh4 19. g5 Bg7 20. Qg4 Nf3 21. Rd3 c5
22. Nxd5 Nxd4 23. h4 Bxe5 24. h5 Qc8 25. Qg2 Bg7 26. hxg6 hxg6 27. Rdh3 Qd7 28.
Qh2 Rff8 29. Rh7 Rf3 30. Rxg7+ Kxg7 31. Qe5+ Kf7 32. Rh7+ Ke8 33. Nc7+ 1-0

[Event "45th Rilton Cup 2015-16"]
[Site "Stockholm SWE"]
[Date "2016.01.04"]
[Round "8.5"]
[White "Blomqvist, Erik"]
[Black "Goganov, Aleksey"]
[Result "1-0"]
[WhiteTitle "GM"]
[BlackTitle "GM"]
[WhiteElo "2493"]
[BlackElo "2597"]
[WhiteFideId "1709437"]
[BlackFideId "24109959"]
[EventDate "2015.12.27"]

1. e4 c5 2. Nf3 Nc6 3. Bb5 g6 4. O-O Bg7 5. Nc3 e6 6. Bxc6 bxc6 7. e5 f6 8. d4
cxd4 9. Ne4 fxe5 10. Nd6+ Kf8 11. Bg5 Qa5 12. Nd2 Ne7 13. g4 h6 14. Bh4 Nd5 15.
N2c4 Qc7 16. f4 Ba6 17. fxe5+ Kg8 18. Qxd4 Kh7 19. Rf7 Rhf8 20. Raf1 Bxc4 21.
Nxc4 Rxf7 22. Rxf7 Rf8 23. Rxf8 Bxf8 24. Bf2 Nb6 25. Nd6 Qd8 26. Qf4 Bg7 27. c4
Nc8 28. Ne4 Kg8 29. Qd2 g5 30. Bg3 Ne7 31. Nc5 Ng6 32. Qxd7 Qb6 33. Qd4 Bf8 34.
Nxe6 c5 35. Qd5 Ne7 36. Qd6 Qxb2 37. Nxf8 Qb1+ 38. Kg2 Qe4+ 39. Kh3 h5 40. Qe6+
Kxf8 41. gxh5 Qe2 42. Qf6+ Ke8 43. Qxg5 Qf1+ 44. Kh4 Qxc4+ 45. Qg4 Qxa2 46. h6
Qc2 47. e6 Ng6+ 48. Kg5 Nf8 49. Qh5+ Kd8 50. Kf6 Qe4 51. Qf7 Qf3+ 52. Kg7 Qc3+
53. Kg8 1-0

[Event "45th Rilton Cup 2015-16"]
[Site "Stockholm SWE"]
[Date "2016.01.04"]
[Round "8.6"]
[White "Socko, Bartosz"]
[Black "Tikkanen, Hans"]
[Result "0-1"]
[WhiteTitle "GM"]
[BlackTitle "GM"]
[WhiteElo "2587"]
[BlackElo "2515"]
[WhiteFideId "1107038"]
[BlackFideId "1706446"]
[EventDate "2015.12.27"]

1. e4 e6 2. d4 d5 3. Nd2 Nf6 4. e5 Nfd7 5. Bd3 c5 6. c3 Nc6 7. Ne2 cxd4 8. cxd4
f6 9. Nf4 Nxd4 10. Qh5+ Ke7 11. exf6+ Nxf6 12. Ng6+ hxg6 13. Qxh8 Kf7 14. O-O e5
15. Nb3 Nxb3 16. axb3 Be6 17. Bg5 Qb6 18. Bxf6 Kxf6 19. Rac1 e4 20. Bb1 Rd8 21.
Qh4+ g5 22. Qh5 g6 23. Qe2 Bd6 24. Rfd1 g4 25. Qd2 g5 26. g3 a5 27. Bc2 Rf8 28.
Qe2 Kg6 29. Rf1 Kh6 30. Bd1 Be5 31. Kg2 Bd7 32. Qd2 d4 33. Qe2 Bf5 34. Bc2 Re8
35. Qc4 d3 36. Bb1 Bxb2 37. Rce1 Qg6 38. Qb5 b6 39. b4 Bc3 40. bxa5 Re5 41. Qb3
Bxe1 42. axb6 e3 43. Rxe1 Qc6+ 0-1

[Event "45th Rilton Cup 2015-16"]
[Site "Stockholm SWE"]
[Date "2016.01.04"]
[Round "8.7"]
[White "Sjodahl, Pontus"]
[Black "Ivanov, Sergey"]
[Result "1/2-1/2"]
[WhiteTitle "IM"]
[BlackTitle "GM"]
[WhiteElo "2404"]
[BlackElo "2556"]
[WhiteFideId "1700537"]
[BlackFideId "4101375"]
[EventDate "2015.12.27"]

1. d4 d5 2. c4 e6 3. Nc3 c6 4. Nf3 Nf6 5. e3 Nbd7 6. b3 Bd6 7. Be2 O-O 8. O-O
Re8 9. Qc2 dxc4 10. bxc4 e5 11. a4 exd4 12. exd4 Nf8 13. h3 Ng6 14. Rd1 Qa5 15.
c5 Bf8 16. Bg5 Nh5 17. Bc4 Be6 18. Bxe6 Rxe6 19. Rab1 Nhf4 20. Qd2 Qxc3 21. Bxf4
Qc4 22. Be3 Qxa4 23. Rxb7 Qc4 24. Ra1 Re7 25. Qb4 Qxb4 26. Rxb4 Rc8 27. Ra6 f6
28. Rba4 Rcc7 29. Ne1 Red7 30. Nd3 Ne7 31. Nb4 g5 32. h4 Kf7 33. hxg5 fxg5 34.
Nd3 Bg7 35. g4 Nd5 36. Kg2 h6 37. Kf3 Ke6 38. Kg2 Nc3 39. Rc4 Nb5 40. Nb4 Nxd4
41. Bxd4 Bxd4 42. Rc2 Kf7 43. Nxc6 Bg7 44. Rca2 Kg8 45. Rxa7 Bf8 46. Rxc7 Rxc7
47. Nd4 Rxc5 48. Ra8 Re5 49. Nf5 Kf7 50. Ra7+ Kf6 51. Ng3 Re7 52. Ra8 Kf7 53.
Kf3 Re8 54. Ra4 Re6 55. Ne4 Be7 56. Ra7 Rb6 57. Ng3 Rb3+ 58. Kg2 Rb6 59. Nf5 Re6
60. Kf3 Kf8 61. Rb7 Kf7 62. Ra7 Kf8 63. Ra8+ Kf7 64. Rh8 Bf8 65. Rh7+ Kg6 66.
Rc7 h5 67. Ne3 Rf6+ 68. Kg2 hxg4 69. Nxg4 1/2-1/2

[Event "45th Rilton Cup 2015-16"]
[Site "Stockholm SWE"]
[Date "2016.01.04"]
[Round "8.8"]
[White "Hillarp Persson, Tiger"]
[Black "Andersen, Mads"]
[Result "1/2-1/2"]
[WhiteTitle "GM"]
[BlackTitle "IM"]
[WhiteElo "2521"]
[BlackElo "2474"]
[WhiteFideId "1700812"]
[BlackFideId "1413864"]
[EventDate "2015.12.27"]

1. c4 c6 2. e4 d5 3. exd5 cxd5 4. cxd5 Nf6 5. Nc3 Nxd5 6. Nf3 Nc6 7. Bc4 Nb6 8.
Bb5 g6 9. d4 Bg7 10. h3 O-O 11. Bxc6 bxc6 12. O-O Be6 13. Re1 Bd5 14. Ne5 e6 15.
b3 Qe7 16. Nxd5 cxd5 17. Bf4 Rfc8 18. Qd2 Nd7 19. Rac1 Nxe5 20. Bxe5 Bxe5 21.
dxe5 Rc7 22. Re3 Rac8 23. Rec3 Rxc3 24. Rxc3 Rxc3 25. Qxc3 Qa3 26. Qd2 Qc5 27.
Qg5 Qc2 28. Qd8+ Kg7 29. Qf6+ Kg8 30. Qd8+ Kg7 31. Qf6+ 1/2-1/2

[Event "45th Rilton Cup 2015-16"]
[Site "Stockholm SWE"]
[Date "2016.01.04"]
[Round "8.9"]
[White "Tari, Aryan"]
[Black "Semcesen, Daniel"]
[Result "1/2-1/2"]
[WhiteTitle "IM"]
[BlackTitle "GM"]
[WhiteElo "2556"]
[BlackElo "2431"]
[WhiteFideId "1510045"]
[BlackFideId "1706993"]
[EventDate "2015.12.27"]

1. e4 e5 2. Nf3 Nc6 3. d4 exd4 4. Nxd4 g6 5. Nc3 Bg7 6. Nxc6 bxc6 7. Bc4 Ne7 8.
Bg5 O-O 9. Qd2 d6 10. O-O Be6 11. Bb3 Rb8 12. f4 Qd7 13. f5 gxf5 14. exf5 Nxf5
15. Ne4 h6 16. Nf6+ Bxf6 17. Bxf6 Kh7 18. c4 Rg8 19. Bc2 Rg6 20. Bc3 d5 21. Rf4
d4 22. Bxd4 c5 23. Bxf5 Bxf5 24. Qf2 Be6 25. Bxc5 a5 26. b3 a4 27. b4 Rbg8 28.
g3 Qd3 29. Be3 Rg4 30. c5 c6 31. Re1 Bd5 32. Rf6 R8g6 33. Rxg6 Rxg6 34. Bd4 Rg4
35. Ba1 a3 36. b5 cxb5 37. c6 Qf3 38. Qxf3 Bxf3 39. Rc1 Rg8 40. c7 Rc8 41. Rc5
Be2 42. Be5 Bc4 43. Kf2 Bxa2 44. Rxb5 Be6 45. Ra5 a2 46. Ke3 Kg6 47. Ra7 Kf5 48.
Kd4 Kg4 49. h4 Kf3 50. Ra3+ Kg4 51. Kc5 Kf5 52. Bf4 Kg6 53. Kb6 Kh5 54. Be5 Rg8
55. Ra5 1/2-1/2

[Event "45th Rilton Cup 2015-16"]
[Site "Stockholm SWE"]
[Date "2016.01.04"]
[Round "8.10"]
[White "Cramling, Pia"]
[Black "Hagen, Andreas Skytte"]
[Result "1/2-1/2"]
[WhiteTitle "GM"]
[BlackTitle "IM"]
[WhiteElo "2523"]
[BlackElo "2395"]
[WhiteFideId "1700030"]
[BlackFideId "1407341"]
[EventDate "2015.12.27"]

1. Nf3 d5 2. d4 Nf6 3. c4 e6 4. Nc3 Bb4 5. Qa4+ Nc6 6. e3 O-O 7. Qc2 Bd6 8. c5
Be7 9. a3 e5 10. dxe5 Ng4 11. Be2 Bxc5 12. O-O Ncxe5 13. Nxe5 Nxe5 14. Rd1 Bd6
15. Nxd5 c6 16. Nf4 Ng6 17. Nxg6 hxg6 18. b4 Qc7 19. f4 Re8 20. Qd2 Be7 21. Bb2
Bf6 22. Bxf6 gxf6 23. Kf2 Bf5 24. Qc3 Re6 25. Bc4 Rd6 26. Rxd6 Qxd6 27. Bb3 Re8
28. Rd1 Qe7 29. Rd4 Kg7 30. h3 Be6 31. Bxe6 Qxe6 32. Qd2 Re7 33. Rd6 Qc4 34. Qb2
Re6 35. Rd4 Qb5 36. Qd2 c5 37. Rd5 Rc6 38. g4 Qc4 39. Rxc5 Rxc5 40. bxc5 Qxc5
41. Qb2 Kg8 42. Qxb7 Qxa3 43. h4 a5 44. Qb6 Qc3 45. Qb5 Qd2+ 46. Kf3 Qd1+ 47.
Kf2 a4 48. h5 gxh5 49. gxh5 Qc2+ 50. Kf3 Kg7 51. Qe8 Qd1+ 52. Kf2 Qd2+ 53. Kg3
Qe1+ 54. Kg2 Qe2+ 55. Kg3 Qe1+ 56. Kg2 Qe2+ 57. Kg3 Qe1+ 1/2-1/2

[Event "45th Rilton Cup 2015-16"]
[Site "Stockholm SWE"]
[Date "2016.01.04"]
[Round "8.11"]
[White "Miezis, Normunds"]
[Black "Nilsen, Joachim Birger"]
[Result "0-1"]
[WhiteTitle "GM"]
[BlackTitle "FM"]
[WhiteElo "2493"]
[BlackElo "2382"]
[WhiteFideId "11600136"]
[BlackFideId "1506331"]
[EventDate "2015.12.27"]

1. c4 e5 2. Nc3 Nc6 3. g3 f5 4. Bg2 Nf6 5. d3 g6 6. Nd5 Bg7 7. Nf3 d6 8. O-O O-O
9. Bg5 Kh8 10. Qd2 Be6 11. Rac1 a5 12. b3 Nb8 13. Ne1 c6 14. Nxf6 Bxf6 15. Bxf6+
Qxf6 16. Nc2 Nd7 17. d4 e4 18. Ne3 Bf7 19. f3 exf3 20. exf3 a4 21. b4 a3 22. f4
Ra4 23. Rfe1 Nb6 24. c5 Nc8 25. d5 dxc5 26. bxc5 cxd5 27. Red1 Ne7 28. Bxd5 Nxd5
29. Nxd5 Qg7 30. Nb6 Re4 31. Nd7 Rfe8 32. Ne5 Be6 33. Re1 g5 34. Rxe4 fxe4 35.
Kf2 Rf8 36. Ke3 gxf4+ 37. gxf4 Rxf4 38. Qd6 Rf6 39. Kd4 Bxa2 40. Qd8+ Rf8 41.
Qh4 Be6 42. Qg3 Qf6 43. c6 bxc6 44. Rxc6 a2 45. Ra6 Qf1 46. Qa3 Qf2+ 47. Kc3
Rc8+ 0-1

[Event "45th Rilton Cup 2015-16"]
[Site "Stockholm SWE"]
[Date "2016.01.04"]
[Round "8.12"]
[White "Socko, Monika"]
[Black "Thorn, Eric"]
[Result "1-0"]
[WhiteTitle "GM"]
[WhiteElo "2437"]
[BlackElo "2140"]
[WhiteFideId "1106619"]
[BlackFideId "1710729"]
[EventDate "2015.12.27"]

1. d4 Nf6 2. c4 g6 3. Nf3 Bg7 4. g3 O-O 5. Bg2 d6 6. O-O Nbd7 7. Nc3 e5 8. Qc2
c6 9. Rd1 Qe7 10. b3 a6 11. a4 exd4 12. Nxd4 Ne5 13. Bb2 c5 14. Nf3 Nc6 15. Qd2
Rd8 16. Re1 Bg4 17. Nd5 Nxd5 18. cxd5 Nb4 19. Bxg7 Kxg7 20. e4 Bxf3 21. Bxf3 Re8
22. Bg2 Qf6 23. Rad1 b5 24. Qe2 bxa4 25. bxa4 Qc3 26. Rc1 Qd4 27. Red1 Qf6 28.
f4 Rad8 29. Kh1 h5 30. Qf2 h4 31. Kg1 hxg3 32. hxg3 Rb8 33. Rd2 a5 34. e5 dxe5
35. fxe5 Qxe5 36. Rxc5 Na6 37. Rc1 Rb3 38. d6 Nb8 39. Rf1 f6 40. d7 Rd8 41. Re1
Qxg3 42. Qxg3 Rxg3 43. Re8 Rxd7 44. Rxd7+ Nxd7 45. Re7+ Kh6 46. Rxd7 Rg4 47. Rd6
f5 48. Kf2 Rxa4 49. Bd5 Kg7 50. Ke3 g5 51. Bc6 Ra1 52. Bb5 a4 53. Ra6 a3 54. Bc4
Re1+ 55. Kf2 Rc1 56. Bd3 Rc5 57. Ke3 f4+ 58. Kd4 Rc1 59. Rxa3 f3 60. Ra7+ Kf6
61. Ra6+ Ke7 62. Ke3 g4 63. Ra4 Rg1 64. Ra6 Rc1 65. Rg6 Rg1 66. Bc4 Kd8 67. Rg7
Ke8 68. Ra7 Kd8 69. Bd3 Rd1 70. Bb5 Rg1 71. Rd7+ Kc8 72. Rg7 Kd8 73. Bc6 Re1+
74. Kf2 Re2+ 75. Kf1 Rg2 76. Bd7 g3 77. Bh3 Rf2+ 78. Kg1 Rb2 79. Rxg3 Rb1+ 80.
Bf1 Rb3 81. Rg7 Rb2 82. Rf7 f2+ 83. Kg2 Ke8 84. Rf3 Ke7 85. Re3+ Kf6 86. Be2 Ra2
87. Kxf2 Ra5 88. Bd3 Re5 89. Rh3 Rg5 90. Ke3 Ke5 91. Be4 Rg4 92. Rh5+ Kd6 93.
Kd4 Rg1 94. Rh6+ Ke7 95. Ke5 Re1 96. Rh7+ Kf8 97. Kf6 Rf1+ 98. Bf5 Kg8 99. Ra7 1-0

[Event "45th Rilton Cup 2015-16"]
[Site "Stockholm SWE"]
[Date "2016.01.04"]
[Round "8.13"]
[White "Koykka, Pekka"]
[Black "Poetsch, Hagen"]
[Result "0-1"]
[WhiteTitle "FM"]
[BlackTitle "IM"]
[WhiteElo "2326"]
[BlackElo "2509"]
[WhiteFideId "504319"]
[BlackFideId "24615137"]
[EventDate "2015.12.27"]

1. e4 e6 2. d4 d5 3. Nc3 Nf6 4. e5 Nfd7 5. f4 c5 6. Nf3 Nc6 7. Be3 cxd4 8. Nxd4
Qb6 9. Qd2 Qxb2 10. Rb1 Qa3 11. Bb5 Nxd4 12. Bxd4 a6 13. Bxd7+ Bxd7 14. Rb3 Qe7
15. Rxb7 Rc8 16. O-O Qa3 17. f5 Bc5 18. Ne2 exf5 19. Qg5 g6 20. Qf6 O-O 21. Kh1
Be7 22. Qb6 Bb5 23. Rf3 Qb4 24. a3 Qe1+ 25. Ng1 Bd8 26. Qa7 Rxc2 27. a4 Be2 28.
Rg3 Bf1 29. Rb2 Rxb2 30. Bxb2 Bh4 31. e6 Qe4 32. exf7+ Rxf7 33. Qb8+ Rf8 34. Qc7
Qe7 35. Qxe7 Bxe7 36. Re3 Bc5 37. Re1 Bd3 38. Nf3 Rb8 39. Bd4 Bxd4 40. Nxd4 Be4 0-1

[Event "45th Rilton Cup 2015-16"]
[Site "Stockholm SWE"]
[Date "2016.01.04"]
[Round "8.14"]
[White "Schekachikhin, Maksim"]
[Black "Westerberg, Jonathan"]
[Result "0-1"]
[WhiteTitle "FM"]
[BlackTitle "IM"]
[WhiteElo "2321"]
[BlackElo "2497"]
[WhiteFideId "24177830"]
[BlackFideId "1701754"]
[EventDate "2015.12.27"]

1. d4 d5 2. c4 dxc4 3. e3 e5 4. Bxc4 exd4 5. exd4 Bd6 6. Nc3 Nf6 7. Nf3 O-O 8.
O-O Nc6 9. Bg5 h6 10. Bh4 Bg4 11. h3 Bxf3 12. Qxf3 g5 13. Bg3 Bxg3 14. Qxg3 Qxd4
15. Bb3 Qf4 16. Qxf4 gxf4 17. Nd5 Nxd5 18. Bxd5 Nd4 19. Rad1 c5 20. Rfe1 Rfd8
21. Re5 Rd7 22. Rde1 Rad8 23. Bf3 Nxf3+ 24. gxf3 Rd2 25. Rxc5 Rxb2 26. Rc7 Rxa2
27. Rxb7 a5 28. h4 Rd5 29. Re8+ Kg7 30. Ree7 Rf5 31. Ra7 Kg6 32. Red7 Rc2 33.
Rd6+ Kg7 34. Kg2 Rcc5 35. Raa6 h5 36. Ra7 Rf6 37. Rdd7 Kg6 38. Rdb7 Kg7 39. Rd7
Rg6+ 40. Kh2 Rf5 41. Rdc7 Rb6 42. Kg2 Rb1 43. Rd7 Ra1 44. Rdc7 Rf6 45. Kh2 Rf5
46. Kg2 a4 47. Rc4 a3 48. Raa4 Rf6 49. Rxf4 Rg6+ 50. Kh2 Rgg1 51. Rfe4 a2 52.
Rxa2 Rh1+ 53. Kg2 Rag1# 0-1

[Event "45th Rilton Cup 2015-16"]
[Site "Stockholm SWE"]
[Date "2016.01.04"]
[Round "8.15"]
[White "Cukrowski, Filip"]
[Black "Salomon, Johan"]
[Result "0-1"]
[BlackTitle "IM"]
[WhiteElo "2320"]
[BlackElo "2438"]
[WhiteFideId "1171097"]
[BlackFideId "1509500"]
[EventDate "2015.12.27"]

1. e4 e5 2. Nf3 Nc6 3. Bb5 a6 4. Ba4 Nf6 5. O-O Be7 6. Re1 b5 7. Bb3 d6 8. c3
O-O 9. h3 Nb8 10. d4 Nbd7 11. Nbd2 Bb7 12. Bc2 Re8 13. Nf1 Bf8 14. Ng3 g6 15. a4
c5 16. d5 c4 17. Be3 Nc5 18. Nd2 Nfd7 19. Qe2 Qc7 20. Qg4 Bg7 21. Qh4 Nb6 22.
axb5 axb5 23. Bh6 f6 24. Bxg7 Qxg7 25. Qg4 Nba4 26. Rab1 Bc8 27. Qf3 Bd7 28. Qe3
Rf8 29. f4 Qh6 30. fxe5 Qxe3+ 31. Rxe3 fxe5 32. Ne2 Nb6 33. Nc1 Kg7 34. b3 cxb3
35. Ncxb3 Nca4 36. Nc1 Rfc8 37. Ne2 Rc7 38. Rf3 Be8 39. Bd3 Rc5 40. Nb3 Rc7 41.
Nd2 Ra5 42. Nb3 Raa7 43. Nd2 Rc5 44. Nb3 Rc8 45. Nd2 Nc5 46. Bxb5 Ra2 47. Bxe8
Rxd2 48. Rxb6 Rxe2 49. Bb5 Re1+ 50. Rf1 Rxf1+ 51. Bxf1 Nxe4 52. Bd3 Nc5 53. Bb1
Rd8 54. Kf2 Kf6 55. Ke3 Ke7 56. Rb4 Rf8 57. Bd3 Kf6 58. Be4 Ra8 59. Bf3 Ra3 60.
Kd2 Ra2+ 61. Ke3 Rc2 62. Rc4 Kg5 63. g3 Kf6 64. h4 Rc1 65. Ke2 Rg1 66. Kf2 Rb1
67. Ke2 Rb2+ 68. Ke3 Rc2 69. Be4 Rc1 70. Bf3 h6 71. Ke2 Rg1 72. Kf2 Rb1 73. Ke3
Rb3 74. Be4 Ra3 75. Bb1 Ra4 76. Rb4 Rxb4 77. cxb4 Na6 78. Kd3 Nxb4+ 79. Kc4 Na6
80. g4 Nc5 81. Bc2 g5 82. h5 Ke7 83. Kb5 Nd7 84. Kc4 Nb6+ 85. Kd3 Nxd5 86. Ke4
Nb4 87. Bb3 Kf6 88. Bc4 Nc2 89. Ba2 Nd4 90. Bc4 Ke7 91. Bd3 Ne6 92. Kf5 Nc5 93.
Bc4 e4 94. Kg6 e3 95. Kxh6 d5 96. Bf1 Kf6 97. Kh7 Kf7 98. Kh8 Nd7 99. Be2 Nf6
100. Bf3 d4 101. Be2 Kf8 102. h6 Kf7 103. h7 Kf8 104. Bf3 d3 105. Be2 Nxh7 106.
Bxd3 Nf6 107. Be2 Kf7 108. Bc4+ Kg6 109. Bd3+ Kh6 110. Be2 Nd5 0-1

[Event "45th Rilton Cup 2015-16"]
[Site "Stockholm SWE"]
[Date "2016.01.04"]
[Round "8.16"]
[White "Lundin, Jan"]
[Black "Kolosowski, Mateusz"]
[Result "1/2-1/2"]
[WhiteTitle "FM"]
[BlackTitle "IM"]
[WhiteElo "2230"]
[BlackElo "2423"]
[WhiteFideId "1706896"]
[BlackFideId "1129708"]
[EventDate "2015.12.27"]

1. e4 e5 2. Nf3 Nc6 3. d4 exd4 4. Nxd4 Nf6 5. Nxc6 bxc6 6. e5 Qe7 7. Qe2 Nd5 8.
c4 Nb6 9. Nd2 Bb7 10. Nf3 Qb4+ 11. Kd1 O-O-O 12. Kc2 Ba6 13. b3 d5 14. exd6 Qxd6
15. Bg5 Qg6+ 16. Kb2 f6 17. Be3 Bd6 18. Rc1 Nd5 19. Bd4 Nf4 20. Qc2 c5 21. Bc3
Bb7 22. Re1 Rde8 23. Re3 Qxc2+ 24. Kxc2 Re4 25. Rg1 Rhe8 26. Bd2 g5 27. Ne1 Ne6
28. Bd3 Rxe3 29. fxe3 h5 30. Rf1 1/2-1/2

[Event "45th Rilton Cup 2015-16"]
[Site "Stockholm SWE"]
[Date "2016.01.04"]
[Round "8.18"]
[White "Krupenski, Juri"]
[Black "Goluch, Piotr"]
[Result "1/2-1/2"]
[WhiteTitle "FM"]
[WhiteElo "2406"]
[BlackElo "2297"]
[WhiteFideId "4501101"]
[BlackFideId "1137840"]
[EventDate "2015.12.27"]

1. d4 Nf6 2. c4 d6 3. Nc3 e5 4. dxe5 dxe5 5. Qxd8+ Kxd8 6. Nf3 Nc6 7. Bg5 Be7 8.
O-O-O+ Ke8 9. Nd5 Bd8 10. Nxf6+ Bxf6 11. Bxf6 gxf6 12. g3 Be6 13. b3 a5 14. Bg2
a4 15. Nd2 Ra6 16. Kb2 Ke7 17. Kc3 axb3 18. axb3 Rha8 19. e3 Bf5 20. Be4 Bxe4
21. Nxe4 b6 22. g4 Ra2 23. Rd2 Rxd2 24. Nxd2 Ra2 25. Ne4 Na5 26. Rd1 Nb7 27. Rd2
Ra1 28. Kb4 Rb1 29. Nc3 c5+ 30. Ka4 Rc1 31. Nd5+ Ke6 32. Kb5 Rb1 33. Kxb6 Rxb3+
34. Kc6 Na5+ 35. Kxc5 Nb7+ 36. Kc6 Na5+ 37. Kc5 Nb7+ 38. Kc6 Na5+ 39. Kc5 1/2-1/2

[Event "45th Rilton Cup 2015-16"]
[Site "Stockholm SWE"]
[Date "2016.01.04"]
[Round "8.19"]
[White "Bellon Lopez, Juan Manuel"]
[Black "Ertan, Can"]
[Result "1-0"]
[WhiteTitle "GM"]
[BlackTitle "FM"]
[WhiteElo "2376"]
[BlackElo "2241"]
[WhiteFideId "2200031"]
[BlackFideId "6306330"]
[EventDate "2015.12.27"]

1. d4 d5 2. Nf3 Nf6 3. c3 e6 4. Bf4 c5 5. e3 Nc6 6. Nbd2 Be7 7. h3 Qb6 8. Qb3
O-O 9. Be2 Bd7 10. O-O Rfc8 11. Rad1 c4 12. Qc2 Qa5 13. a3 Nd8 14. Qb1 Ba4 15.
Rc1 Rc6 16. Ne5 Rb6 17. Nexc4 dxc4 18. Nxc4 Qa6 19. Nxb6 Qxb6 20. c4 a5 21. c5
Qc6 22. Qd3 Qd7 23. e4 Bc6 24. f3 a4 25. Rfd1 Nh5 26. Bh2 Bg5 27. Rc2 Bf4 28.
Bxf4 Nxf4 29. Qe3 Nxe2+ 30. Qxe2 Bb5 31. Qd2 Nc6 32. d5 exd5 33. exd5 Ne5 34. f4
Nc4 35. Qf2 Qf5 36. Rd4 Ne3 37. Rb4 Qxc2 38. Qxc2 Nxc2 39. Rxb5 Kf8 40. Rxb7 Rc8
41. d6 Nd4 42. Rb4 Ne6 43. Rxa4 f5 44. b4 Nxf4 45. Ra7 Ne2+ 46. Kf2 Nc3 47. Ke3
Re8+ 48. Kd3 Ne4 49. Kd4 h5 50. b5 Nf6 51. b6 Re4+ 52. Kd3 Re5 53. Rc7 1-0